[Event "Pocos de Caldas op"]
[Site "Pocos de Caldas"]
[Date "2019.02.09"]
[Round "4"]
[White "Lage, Pedro Ferreira"]
[Black "Gomes, Guilherme Rodrigues"]
[Result "1-0"]
[WhiteElo "1970"]
[BlackElo "1760"]
[PlyCount "51"]
[EventDate "2019.02.08"]
[EventType "swiss"]
[EventRounds "6"]
[EventCountry "BRA"]
[SourceTitle "CBM 189 Extra"]
[Source "ChessBase"]
[SourceDate "2019.05.31"]
[SourceVersion "1"]
[SourceVersionDate "2019.05.31"]
[SourceQuality "1"]

1. Nf3 c5 2. c4 Nc6 3. Nc3 g6 4. d4 cxd4 5. Nxd4 Bg7 6. e3 Nf6 7. g3 d6 8. Bg2 Bd7 9. 0-0 0-0 10. b3 Rb8 11. Bb2 a6 12. Nd5 Na7 13. Rc1 b5 14. c5 Nxd5 15. Bxd5 dxc5 16. Rxc5 Bh3 17. Re1 Qa5 18. Qa1 Bf6 19. Nc6 Nxc6 20. Bxf6 exf6 21. Rxc6 b4 22. Bc4 Rb6 23. Rxf6 Rxf6 24. Qxf6 Qxa2 25. Rd1 Qc2 26. Bxf7+ 1-0

[Event "Florianopolis op 5th"]
[Site "Florianopolis"]
[Date "2019.01.25"]
[Round "7"]
[White "Gauche, Charles"]
[Black "Gomes, Guilherme Rodrigues"]
[Result "1/2-1/2"]
[WhiteElo "2241"]
[BlackElo "1565"]
[PlyCount "125"]
[EventDate "2019.01.21"]
[EventType "swiss"]
[EventRounds "10"]
[EventCountry "BRA"]
[SourceTitle "CBM 188 Extra"]
[Source "ChessBase"]
[SourceDate "2019.02.28"]
[SourceVersion "1"]
[SourceVersionDate "2019.02.28"]
[SourceQuality "1"]

1. e4 c5 2. Nf3 d6 3. d4 cxd4 4. Nxd4 Nf6 5. Nc3 Nc6 6. Bg5 e6 7. Qd2 Be7 8. 0-0-0 Nxd4 9. Qxd4 0-0 10. f4 Qa5 11. Qd2 Rd8 12. Kb1 Qc7 13. Bd3 Bd7 14. f5 a6 15. g4 b5 16. e5 dxe5 17. Bxf6 Bxf6 18. g5 Be7 19. f6 Bf8 20. fxg7 Bxg7 21. Ne4 Bc6 22. Nf6+ Kh8 23. Qf2 e4 24. Be2 e3 25. Qxe3 Bxh1 26. Rxh1 Rac8 27. Bd3 Rxd3 28. Qxd3 Bxf6 29. gxf6 Qc4 30. Qd2 Qe4 31. Rf1 Qg6 32. a3 a5 33. Qf2 b4 34. Rg1 Rxc2 35. Qxc2 Qxg1+ 36. Ka2 bxa3 37. Kxa3 Qe3+ 38. b3 h5 39. Qg2 Qh6 40. Qf3 Qc1+ 41. Ka4 Qa1+ 42. Kb5 Qe5+ 43. Ka6 Qxh2 44. Kxa5 Qa2+ 45. Kb6 Qh2 46. b4 Qd6+ 47. Ka5 Qc7+ 48. Kb5 Qd7+ 49. Kc4 Qc7+ 50. Kb3 Qe5 51. Qf2 Qg5 52. Ka4 h4 53. b5 h3 54. b6 Qg2 55. Qh4+ Kg8 56. b7 Qxb7 57. Qg5+ Kf8 58. Qg7+ Ke8 59. Qg8+ Kd7 60. Qxf7+ Kc8 61. Qe8+ Kc7 62. f7 Qe4+ 63. Kb5 1/2-1/2

[Event "Florianopolis op 5th"]
[Site "Florianopolis"]
[Date "2019.01.24"]
[Round "5"]
[White "Souza Neves, Andrey Marcelo"]
[Black "Gomes, Guilherme Rodrigues"]
[Result "1-0"]
[WhiteElo "2086"]
[BlackElo "1565"]
[PlyCount "45"]
[EventDate "2019.01.21"]
[EventType "swiss"]
[EventRounds "10"]
[EventCountry "BRA"]
[SourceTitle "CBM 188 Extra"]
[Source "ChessBase"]
[SourceDate "2019.02.28"]
[SourceVersion "1"]
[SourceVersionDate "2019.02.28"]
[SourceQuality "1"]

1. d4 Nf6 2. c4 e6 3. Nf3 Bb4+ 4. Nbd2 0-0 5. a3 Be7 6. e4 d6 7. Bd3 Nbd7 8. e5 dxe5 9. dxe5 Ng4 10. 0-0 Ndxe5 11. Nxe5 Nxe5 12. Bxh7+ Kxh7 13. Qh5+ Kg8 14. Qxe5 b6 15. Ne4 f5 16. Ng3 Bd6 17. Qe2 f4 18. Ne4 f3 19. gxf3 Bxh2+ 20. Kxh2 Qh4+ 21. Kg2 Rxf3 22. Qxf3 Bb7 23. Rh1 1-0

[Event "Florianopolis op 5th"]
[Site "Florianopolis"]
[Date "2019.01.22"]
[Round "3"]
[White "Menezes, Jose Eduardo Carnei"]
[Black "Gomes, Guilherme Rodrigues"]
[Result "0-1"]
[WhiteElo "1827"]
[BlackElo "1565"]
[PlyCount "80"]
[EventDate "2019.01.21"]
[EventType "swiss"]
[EventRounds "10"]
[EventCountry "BRA"]
[SourceTitle "CBM 188 Extra"]
[Source "ChessBase"]
[SourceDate "2019.02.28"]
[SourceVersion "1"]
[SourceVersionDate "2019.02.28"]
[SourceQuality "1"]

1. c4 c5 2. g3 g6 3. Bg2 Bg7 4. Nc3 Nc6 5. d3 e6 6. e4 Nge7 7. Nge2 0-0 8. 0-0 b6 9. f4 Bb7 10. Be3 Rc8 11. Qd2 d6 12. Rf2 Qd7 13. Raf1 f5 14. Rd1 a6 15. b3 Nd4 16. Bxd4 cxd4 17. Na4 Qc7 18. Qb4 Bc6 19. Bh3 Rb8 20. Bg2 Qd7 21. Nb2 Rfc8 22. h3 b5 23. Qd2 b4 24. Rff1 Ba8 25. g4 a5 26. Ng3 Rf8 27. Rde1 e5 28. exf5 exf4 29. Qe2 Bxg2 30. Kxg2 Rbe8 31. Ne4 gxf5 32. Rxf4 fxe4 33. Rxe4 Be5 34. Qd2 Ng6 35. c5 Qc7 36. R4e2 Nf4+ 37. Kg1 Nxe2+ 38. Rxe2 Bf4 39. Qe1 Rxe2 40. Qxe2 Be3+ 0-1